Opfer im Abseits: Die Gewalt des Schweigens

Saved in:  
Bibliographic Details
Main Author: Raith, Werner 1940-2001 (Author)
Format: Print Book
Language:German
Published: Köln Klein & Blechinger 1992
In:Year: 1992
Check availability: HBZ Gateway
Subito Delivery Service: Order now.
Keywords:

MARC

LEADER 00000cam a22000002c 4500
001 1522012885
003 DE-627
005 20241119005611.0
007 tu
008 151116s1992 xx ||||| 00| ||ger c
035 |a (DE-627)1522012885 
035 |a (DE-576)452012880 
035 |a (DE-599)BSZ452012880 
040 |a DE-627  |b ger  |c DE-627  |e rakwb 
041 |a ger 
100 1 |8 1\p  |a Raith, Werner  |d 1940-2001  |0 (DE-588)123191181  |0 (DE-627)082401942  |0 (DE-576)275993957  |4 aut 
109 |a Raith, Werner 1940-2001  |a Rajt, Verner 1940-2001 
245 1 0 |a Opfer im Abseits  |b Die Gewalt des Schweigens 
264 1 |a Köln  |b Klein & Blechinger  |c 1992 
336 |a Text  |b txt  |2 rdacontent 
337 |a ohne Hilfsmittel zu benutzen  |b n  |2 rdamedia 
338 |a Band  |b nc  |2 rdacarrier 
583 1 |a Archivierung prüfen  |c 20200919  |f DE-640  |z 1  |2 pdager 
883 |8 1\p  |a cgwrk  |d 20241001  |q DE-101  |u https://d-nb.info/provenance/plan#cgwrk 
951 |a BO 
ELC |b 1 
LOK |0 000 xxxxxcx a22 zn 4500 
LOK |0 001 2873321458 
LOK |0 003 DE-627 
LOK |0 004 1522012885 
LOK |0 005 20151116135854 
LOK |0 008 150728||||||||||||||||ger||||||| 
LOK |0 035   |a (DE-21-110)kd531 
LOK |0 040   |a DE-21-110  |c DE-627  |d DE-21-110 
LOK |0 689   |a s  |a Sekundäre Viktimisierung 
LOK |0 852   |z Kein Bestand am IfK; Nachweis für KrimDok 
LOK |0 852   |a DE-21-110 
LOK |0 852 1  |9 00 
LOK |0 935   |a k110 
LOK |0 939   |a 28-07-15  |b l01 
ORI |a SA-MARC-krimdoka001.raw